000 00377nam a2200169Ia 4500
001 11978
003 IN-NITTTR
005 20251114233112.0
008 251113s9999||||xx |||||||||||||| ||eng||
040 _beng
040 _cIN-NITTTR
041 _aeng
082 _a021.2 D85I
100 _aBeatty, LaMond F.
245 0 _aFilmstrips /
_cBeatty, LaMond F.
942 _2ddc
_cBK
999 _c14614
_d14614